000 01003cam a2200253 4500
001 C60940
008 000000n2000 000 0 eng u
035 _a(Sirsi) u104807
041 _aeng
050 _a692.9
110 _aJoint Contracts Tribunal
_93664
245 _aAgreement for minor building works 1998 edition: Amendment MW2 and guidance notes issued January 2000 sundry amendments.
260 _aLondon
_bRIBA Publications
_c2000
300 _a4p. ; 30cm.
350 _a15
490 _aJCT Agreement for Minor Building Works 1998 Edition
_vAmendment 2
650 _aJCT AGREEMENT FOR MINOR BUILDING WORKS (1998 EDITION)
650 _aBUILT ENVIRONMENT-BUILDING CONTRACT FORMS
650 _aJCT STANDARD FORM OF BUILDING CONTRACT (1998 EDITION)
650 _aMINOR BUILDING WORKS
650 _aBUILT ENVIRONMENT-BUILDING CONTRACT FORMS-STANDARD FORMS OF BUILDING CONTRACT-JOINT CONTRACTS TRIBNUAL CONTRACTS
690 _aBUILT ENVIRONMENT-BUILDING CONTRACT FORMS
942 _n0
999 _c100282
_d100282